00651nam a2200229Ia 450000500170000000800410001702000180005804000180007604100080009408200190010210000190012124500470014025000120018726000690019930000300026865000320029865000200033065000190035065000160036965000180038565000180040320230519141220.0210716s2011 xx 000 0 und d a9780070700949 cAIMIT LIBRARY aeng a428.121bKONA aKoneru, Aruna. aEnglish language skills /cBy Aruna Koneru a1st ed. aNew Delhi :bTata McGraw Hill Education Private Limited.,c2011. axvi ; 491p. :bPB:c24 cm aEnglish language variations aListening Skill aSpeaking Skill aStudy Skill aReading Skill aWriting Skill